000 00506nam a2200205 a 4500
001 641
003 CO-ViMGA
005 20230915225048.0
008 141112s2004 ck r 000 u spa d
040 _aCO-ViMGA
_bspa
_cCO-ViMGA
082 0 4 _aC VILb
100 1 _aVillanes Cairo, Carlos
_911241
245 1 0 _aLas ballenas cautivas
250 _a7a
260 _aMadrid :
_bS.M,
_c1995
300 _a109 p : il
490 _aEl barco de vapor, 71
650 1 4 _aNOVELA PERUANA
_911242
942 _2ddc
_cBK
999 _c12880
_d12880